000 00785nam a22002297a 4500
003 OSt
005 20251221151834.0
008 251221b |||||||| |||| 00| 0 eng d
040 _cDCL
082 _a921.958
100 0 _aWin, Junior
245 1 0 _aA memory of my grandparents /
_cJunior Win ; with a preface by Dr. KhinMaung Win.
260 _aYangon :
_bYan Aung Publication House,
_c2015.
300 _a189 pages :
_bPhoto ;
_c26 cm.
500 _aIncludes name index.
600 _aKhin Myo Chit, Daw,
_d1915-1999
_xBiography
600 _aKhin Maung Latt,
_d1915-1996
_xBiography
650 _aAuthors
_y20th century
_zMyanmar
_xBiography
650 _aJournalists
_xBiography
_zMyanmar
651 _aMyanmar
_xSocial life and customs
942 _2ddc
_cSHORT TERM
_n0
999 _c2770
_d2770